000 00501nam a22001577a 4500
005 20251108164907.0
008 250721s9999 xx 000 0 ara d
082 1 4 _a646.4/جلي
100 1 _aالقطفاني، جليلة
245 1 0 _aالتفصيل :
_bزي المرأة المسلمة /
264 1 _aالإسكندرية :
_bالمركز العربي للتوزيع و النشر،
_c[19-].
300 _a31ص : رسومات
650 1 7 _aالخياطة
942 _2ddc
_cBK
999 _c16877
_d16877